Library Banner

Eco China : (Record no. 118616)

MARC details
000 -LEADER
fixed length control field 00443nam a22001577a 4500
005 - DATE AND TIME OF LATEST TRANSACTION
control field 20200923091428.0
008 - FIXED-LENGTH DATA ELEMENTS--GENERAL INFORMATION
fixed length control field 200923b ||||| |||| 00| 0 eng d
020 ## - INTERNATIONAL STANDARD BOOK NUMBER
International Standard Book Number 9781912268559
040 ## - CATALOGING SOURCE
Transcribing agency PK-LaUMT
082 ## - DEWEY DECIMAL CLASSIFICATION NUMBER
Classification number 712.0951
Item number ECO-
245 ## - TITLE STATEMENT
Title Eco China :
Remainder of title roof gardens and green walls /
Statement of responsibility, etc edited by Li Hong
260 ## - PUBLICATION, DISTRIBUTION, ETC. (IMPRINT)
Place of publication, distribution, etc London :
Name of publisher, distributor, etc Design Media Publishing,
Date of publication, distribution, etc 2019
300 ## - PHYSICAL DESCRIPTION
Extent 271 p.
650 ## - SUBJECT ADDED ENTRY--TOPICAL TERM
Topical term or geographic name as entry element Roof garden-Green Walls
942 ## - ADDED ENTRY ELEMENTS (KOHA)
Koha item type Books
Holdings
Withdrawn status Lost status Damaged status Home library Current library Date acquired Full call number Barcode Date last seen Price effective from Koha item type
      UMT Main Campus UMT Main Campus 2020-09-23 712.0951 ECO- 135107 2022-10-19 2020-09-23 Books